PAZHAYA PATHA VELUTHA MEGHANGAL-BIOGRAPHY (Record no. 8584)
[ view plain ]
| 000 -LEADER | |
|---|---|
| fixed length control field | 01225nam a22001577a 4500 |
| 020 ## - INTERNATIONAL STANDARD BOOK NUMBER | |
| ISBN | 978-93-86429-87-2 |
| 082 ## - DEWEY DECIMAL CLASSIFICATION NUMBER | |
| Classification number | 894.812 |
| Item number | HAN/P |
| 100 ## - MAIN ENTRY--AUTHOR NAME | |
| Personal name | HANH,THICH NHAT; ARAVINDHAKSHAN |
| 245 ## - TITLE STATEMENT | |
| Title | PAZHAYA PATHA VELUTHA MEGHANGAL-BIOGRAPHY |
| 246 ## - VARYING FORM OF TITLE | |
| Title proper/short title | PAZHAYA PATHA VELUTHA MEGHANGAL |
| Remainder of title | PAZHAYA PATHA VELUTHA MEGHANGAL |
| 260 ## - PUBLICATION, DISTRIBUTION, ETC. (IMPRINT) | |
| Place of publication | THRISSUR |
| Name of publisher | CURRENT |
| Year of publication | 2020 |
| 300 ## - PHYSICAL DESCRIPTION | |
| Number of Pages | 588 |
| 520 ## - SUMMARY, ETC. | |
| Summary, etc | തിച്ച് നാത് ഹാന്റെ പഴയ പാത വെളുത്ത മോഘങ്ങൾ, ഭൂമിയുടെ പാഠങ്ങൾ, ഗോതമബുദ്ധന്റെ പരിനിർവ്വാണം എന്നീ മൂന്നു പുസ്തകങ്ങളുടെയും മൊഴിമാറ്റം ഒറ്റ സമാഹാരമായതാണ് ഈ പുസ്തകം. ഇത്ര ആഴത്തിൽ കടഞ്ഞെടുത്ത ബുദ്ധനെ തിച്ച് നാത് ഹാനിലല്ലാതെ മറ്റെവിടെയും കണ്ടെത്താനാവില്ല. കെ. അരവിന്ദാക്ഷന്റെ മനോഹരമായ വിവർത്തനം. |
| 650 ## - SUBJECT ADDED ENTRY--TOPICAL TERM | |
| Topical Term | MALAYALAM BIOGRAPHY |
| 942 ## - ADDED ENTRY ELEMENTS (KOHA) | |
| Koha item type | Books |
| Withdrawn status | Lost status | Collection code | Home library | Current library | Shelving location | Date acquired | Source of acquisition | Cost, normal purchase price | Full call number | Accession Number | Koha item type |
|---|---|---|---|---|---|---|---|---|---|---|---|
| Non-fiction | Main Library | Main Library | NEW SHELF WITH NEW ENTRY | 26/10/2023 | PURCHASED | 650.00 | 894.812 HAN/P | 13205 | Books |